000 00842 a2200241 4500
005 20180312141958.0
008 140310s2001 sp a gr|||| 000 j spa d
020 _a8434877678
040 _aCO-BoUCM
_bspa
_cJose A. Gerena
_dDiana Londoño
041 _aspa
100 1 _aErlbruch, Wolf
_958106
245 1 0 _aPor la noche
_cWolf Erlbruch ; traducción de Nadine Beliën
260 _c2001
_aMadrid (España)
_bEdiciones SM
300 _a28 páginas
_bilustraciones a color
490 _aLos piratas
_aEl barco de vapor
_v60
650 7 _918516
_aLibros ilustrados para niños
650 7 _937718
_aLiteratura infantil alemana
690 _942863
_aLiteratura europea
700 1 _aBeliën, Nadine
_etraductor
_958107
765 1 _t's nachts
942 _a18
_cLIBRO
_e1
_mE69
_2DEWEY
_h828.914
_n0
999 _c240130
_d240130